| 000 | 00402nam a22001457a 4500 | ||
|---|---|---|---|
| 999 |
_c10038 _d10038 |
||
| 003 | GBCCL | ||
| 005 | 20241126110724.0 | ||
| 008 | 240212b ||||| |||| 00| 0 eng d | ||
| 040 | _cgbc | ||
| 082 |
_aSOU LAM _b2023 |
||
| 245 | _aMemoirs of EBCC Lamphelpat ( 1978-2023) | ||
| 260 |
_aLamka : _bThe souvenir committee and on behalf of EBCC, Lamphelpat, _c2023. |
||
| 300 | _a140p. ; | ||
| 942 |
_2ddc _cARCH |
||